[Event "Bederowiec 2020"]
[Site "SchemingMind.com"]
[Date "2020.03.31"]
[Round "-"]
[White "Robert Bruce"]
[Black "William Lindberg"]
[Result "1/2-1/2"]
[WhiteCountry "SCO"]
[BlackCountry "USA"]
[WhiteElo "2410"]
[WhiteRD "64"]
[BlackElo "2448"]
[BlackRD "65"]
[GameID "452732"]

1. c4 e5 2. e3 Nc6 3. Nc3 Nf6 4. Nf3 Bb4 5. Qc2 Bxc3 6. bxc3 O-O 7. d3 d6 8. Be2 b6 9. O-O h6 10. Nd2 Bd7
11. e4 Re8 12. f4 exf4 13. Rxf4 Ne5 14. Rb1 Ng6 15. Rf2 c6 16. Ba3 Bg4 17. Rxf6 Bxe2 18. Rf2 Bg4 19. Nf1 Be6 20. Ne3 d5
21. cxd5 cxd5 22. exd5 Bxd5 23. Nxd5 Qxd5 24. Rbf1 f6 25. Bc1 Rac8 26. d4 Nh8 27. Bf4 Nf7 28. Qd3 b5 29. h4 Qc4 30. Rf3 Qxd3
31. Rxd3 Rc4 32. d5 Kf8 33. Bh2 Rxh4 34. d6 Rd8 35. Rf5 a6 36. d7 Rc4 37. Rfd5 Rc6 38. Re3 Ne5 39. Bxe5 fxe5 40. Rexe5 Rc7
41. Rd6 Rcxd7 42. Rxa6 Rd5 43. Rae6 R8d6 44. Rxd6=
1/2-1/2

[Event "Bederowiec 2020"]
[Site "SchemingMind.com"]
[Date "2020.03.28"]
[Round "-"]
[White "William Lindberg"]
[Black "Robert Bruce"]
[Result "1/2-1/2"]
[WhiteCountry "USA"]
[BlackCountry "SCO"]
[WhiteElo "2448"]
[WhiteRD "65"]
[BlackElo "2410"]
[BlackRD "64"]
[GameID "452733"]

1. e4 e5 2. Nf3 Nc6 3. Bc4 Bc5 4. d3 d6 5. Ng5 Qf6 6. O-O Be6 7. Nxe6 fxe6 8. c3 Nge7 9. Qh5+ Qf7 10. Qxf7+ Kxf7
11. Nd2 a5 12. Nf3 h6 13. Be3 a4 14. Rad1 Rhb8 15. d4 exd4 16. cxd4 d5 17. exd5 exd5 18. Bxd5+ Nxd5 19. dxc5 Rd8 20. Bd2 Nf6
21. Rfe1 Rd5 22. Bf4 Re8 23. Bxc7 Rxe1+ 24. Rxe1 Rxc5 25. Ne5+ Kg8 26. Nxc6 bxc6 27. Be5 Rc2 28. f3 Nd7 29. Bd4 c5 30. Re8+ Kf7
31. Rc8 Rd2 32. Bc3 a3 33. bxa3 Rd1+ 34. Kf2 Rd3 35. Rc7 Rxc3 36. Rxd7+ Kf6 37. a4 Rc2+ 38. Kg3 Rxa2 39. Rc7 g6 40. Rc6+ Kg7
41. Rxc5 Rxa4 42. h4 Rb4 43. Rc7+ Kf6 44. Rc6+ Kg7 45. Kh3 h5 46. Ra6 Rb2 47. Rd6 Kf7 48. Kg3 Rb4 49. Rc6=
1/2-1/2

[Event "Bederowiec 2020"]
[Site "SchemingMind.com"]
[Date "2020.03.31"]
[Round "-"]
[White "William Lindberg"]
[Black "Janusz Szopa"]
[Result "1-0"]
[WhiteCountry "USA"]
[BlackCountry "POL"]
[WhiteElo "2447"]
[WhiteRD "63"]
[BlackElo "2251"]
[BlackRD "89"]
[GameID "452734"]

1. e4 c5 2. Nf3 d6 3. Bb5+ Bd7 4. Bxd7+ Nxd7 5. O-O Ngf6 6. Re1 e6 7. b3 g6 8. Ba3 Bg7 9. d4 O-O 10. Nbd2 Qc7
11. c3 Rfc8 12. h3 a5 13. Qe2 Nh5 14. g3 Nhf6 15. Rab1 a4 16. dxc5 dxc5 17. Bb2 Ne8 18. e5 axb3 19. axb3 Nb8 20. c4 Nc6
21. Bc3 Rd8 22. Kg2 b6 23. Ra1 Rxa1 24. Rxa1 Qb7 25. Kg1 h6 26. Qe3
1-0

[Event "Bederowiec 2020"]
[Site "SchemingMind.com"]
[Date "2020.03.31"]
[Round "-"]
[White "Janusz Szopa"]
[Black "William Lindberg"]
[Result "0-1"]
[WhiteCountry "POL"]
[BlackCountry "USA"]
[WhiteElo "2251"]
[WhiteRD "89"]
[BlackElo "2447"]
[BlackRD "63"]
[GameID "452735"]

1. e4 e5 2. Nf3 Nc6 3. Bb5 Nd4 4. Nxd4 exd4 5. O-O c6 6. Bc4 Nf6 7. d3 d5 8. exd5 Nxd5 9. Re1+ Be7 10. Bg5 O-O
11. Bxe7 Nxe7 12. Nd2 a5 13. a4 b6 14. Qh5 Ra7 15. Nf3 Nf5 16. Qg5 g6 17. Qf4 c5 18. c3 Rd7 19. Re5 Kg7 20. Bb5 Rd6
21. Rae1 Rf6 22. Qc1 Bb7 23. Ng5 Nd6 24. Re7 Bc8 25. cxd4 Nxb5
0-1

[Event "Bederowiec 2020"]
[Site "SchemingMind.com"]
[Date "2020.03.28"]
[Round "-"]
[White "Uzi Mike"]
[Black "Robert Bruce"]
[Result "0-1"]
[WhiteCountry "USA"]
[BlackCountry "SCO"]
[WhiteElo "2215"]
[WhiteRD "78"]
[BlackElo "2450"]
[BlackRD "66"]
[GameID "452736"]

1. e4 e5 2. Nf3 Qe7 3. Nc3 c6 4. d4 d6 5. Bg5 Nf6 6. Qd3 h6 7. Bh4 Nbd7 8. O-O-O g6 9. Qc4 Bg7 10. Qb4 a5
11. Qa3 exd4 12. Nxd4 O-O 13. Kb1 a4 14. Be2 Nc5 15. Rhe1 Qc7 16. Bf3 Ncd7 17. Bg3 Ne8 18. Rd2 Qa5 19. Red1 Nc5 20. Nce2 h5
21. h3 Nd7 22. c4 Ne5 23. Rc2 Nc7 24. Qxd6 Ne6 25. Bxe5 Bxe5 26. Qa3 Rd8 27. Rcd2 Bf6 28. Nxe6 Bxe6 29. Rxd8+ Rxd8 30. Rxd8+ Qxd8
31. Qxa4 Qb6 32. Qc2 Bxc4 33. Nc1 Bf1 34. Nb3 Qb4 35. Qd2 Qb5 36. Nc1 Qc5 37. Nb3 Qc4 38. Ka1 b6 39. e5 Bxe5 40. Qe1 Qb5
41. Qe4 Bg7 42. Qxc6 Qe5 43. Qc8+ Kh7 44. Qc1 Bd3 45. Qd2 Bc4 46. Nc1 Bh6 47. Qd1 Qc5 48. Nd3 Qd4 49. Be2 Be6 50. Qb1 b5
51. Bd1 Qa7 52. g4 h4 53. Bc2 b4 54. Ne5 Kh8 55. Nd3 b3 56. Bd1 Bg7 57. Nc1 Qxf2 58. Nd3 Qa7 59. Be2 Kg8 60. Nc1 Qe3
61. Bf1 bxa2 62. Nxa2 Qa3 63. Bg2 Qb3 64. Bf1 Bd5
0-1

[Event "Bederowiec 2020"]
[Site "SchemingMind.com"]
[Date "2020.03.31"]
[Round "-"]
[White "Robert Bruce"]
[Black "Uzi Mike"]
[Result "1-0"]
[WhiteCountry "SCO"]
[BlackCountry "USA"]
[WhiteElo "2404"]
[WhiteRD "66"]
[BlackElo "2233"]
[BlackRD "85"]
[GameID "452737"]

1. c4 e5 2. g3 Bc5 3. Bg2 Ne7 4. Nc3 Nbc6 5. e3 d6 6. Nf3 O-O 7. O-O Bb6 8. b3 Re8 9. Bb2 Bg4 10. h3 Be6
11. d4 exd4 12. exd4 Bf5 13. a3 a6 14. Kh2 d5 15. c5 Ba7 16. Nh4 Qd7 17. Nxf5 Qxf5 18. f4 Na5 19. h4 Rad8 20. Re1 Qd7
21. Bh3 Qc6 22. Ra2 f5 23. Bc1 Qg6 24. Bb2 Qf7 25. Bc1 Nc8 26. Re5 Ne7 27. Rae2 Nac6 28. Re6 Rf8 29. Na2 Rd7 30. b4 Nc8
31. a4 Re7 32. Rxe7 N6xe7 33. b5 axb5 34. axb5 Kh8 35. Qa4 Ng8 36. Nb4 Nge7 37. Bg2 Rg8 38. Nd3 Ng6 39. h5 Nge7 40. Bf3 Qf8
41. Ba3 g5 42. fxg5 Qd8 43. Bc1 Rf8 44. Bf4 Qd7 45. Qb3 Kg8 46. Ne5
1-0

[Event "Bederowiec 2020"]
[Site "SchemingMind.com"]
[Date "2020.03.28"]
[Round "-"]
[White "Uzi Mike"]
[Black "William Lindberg"]
[Result "0-1"]
[WhiteCountry "USA"]
[BlackCountry "USA"]
[WhiteElo "2253"]
[WhiteRD "88"]
[BlackElo "2443"]
[BlackRD "62"]
[GameID "452738"]

1. d4 d5 2. c4 e6 3. Nf3 Nf6 4. Nc3 c5 5. cxd5 exd5 6. Bg5 Be6 7. Bxf6 Qxf6 8. e4 dxe4 9. Bb5+ Nc6 10. Qa4 O-O-O
11. Nxe4 Qf4 12. Bxc6 bxc6 13. Nc3 cxd4 14. O-O Bc5 15. Ne2 Qd6 16. Rad1 Bb6 17. Nfxd4 Kb7 18. Nxe6 Qxe6 19. Nf4 Qf5 20. Rc1 Rd6
21. Ne2 Re8 22. Ng3 Qe6 23. Qb4 Rd4 24. Qc3 Qd5 25. a3 g6 26. Rce1 Rxe1 27. Rxe1 Rf4 28. Nh1 Rc4 29. Qf6 Bd8 30. Qg7 h5
31. g3 Bc7 32. Qf6 g5 33. Qe7 g4 34. Qe2 Rd4 35. Qe7 a5 36. Rc1 Rd2 37. Rb1 Qa2 38. Rc1 Qxb2 39. Qe1 Re2 40. Qd1 Qxa3
41. Rxc6 Kxc6 42. Qxe2 Qb3 43. h3 a4 44. Qe4+ Kb6
0-1

[Event "Bederowiec 2020"]
[Site "SchemingMind.com"]
[Date "2020.03.27"]
[Round "-"]
[White "William Lindberg"]
[Black "Uzi Mike"]
[Result "1-0"]
[WhiteCountry "USA"]
[BlackCountry "USA"]
[WhiteElo "2443"]
[WhiteRD "62"]
[BlackElo "2253"]
[BlackRD "88"]
[GameID "452739"]

1. e4 e5 2. Nf3 Nc6 3. Bb5 a6 4. Ba4 Nf6 5. O-O Be7 6. Re1 b5 7. Bb3 d6 8. c3 O-O 9. h3 Re8 10. d4 Bb7
11. Nbd2 exd4 12. cxd4 Na5 13. Bc2 c5 14. d5 Nd7 15. b3 Bf6 16. Rb1 Bc8 17. Nf1 Ne5 18. Nxe5 Bxe5 19. Nh2 Nb7 20. f4 Bd4+
21. Kh1 g6 22. Nf3 Bc3 23. Re2 f6 24. Re3 b4 25. a4 Na5 26. Rxc3 bxc3 27. Qd3 Rb8 28. Qxc3 Rb4 29. Bd2 Nb7 30. Re1 Na5
31. e5 Bb7 32. f5 fxe5 33. fxg6 hxg6 34. Bxg6 Re7 35. Qd3 Rg7 36. Bxb4 cxb4 37. Bf5 Bc8 38. Rc1 Bd7 39. Bxd7 Qxd7 40. Qxa6 Nb7
41. Qa8+ Kh7 42. Rc8
1-0

[Event "Bederowiec 2020"]
[Site "SchemingMind.com"]
[Date "2020.03.27"]
[Round "-"]
[White "Uzi Mike"]
[Black "AussieMossie"]
[Result "0-1"]
[WhiteCountry "USA"]
[BlackCountry "AUS"]
[WhiteElo "2233"]
[WhiteRD "85"]
[BlackElo "2516"]
[BlackRD "73"]
[GameID "452751"]

1. d4 Nf6 2. c4 e6 3. Nf3 b6 4. Bf4 Bb4+ 5. Nbd2 Bb7 6. e3 O-O 7. Bd3 Nh5 8. Bg3 f5 9. O-O Be7 10. Qc2 g6
11. Rad1 c5 12. Be2 d6 13. dxc5 bxc5 14. Ne1 e5 15. Bxh5 gxh5 16. f4 h4 17. Bf2 e4 18. Nb1 Qe8 19. Nc3 Nd7 20. Qe2 Nb6
21. Nc2 Rd8 22. b3 Qg6 23. Kh1 Qg4 24. Qxg4+ fxg4 25. Be1 d5 26. Nxd5 Nxd5 27. cxd5 Rxd5 28. Rxd5 Bxd5 29. Bc3 Rc8 30. Kg1 Kf7
31. Rd1 Be6 32. Na3 c4 33. Nxc4 Bxc4 34. bxc4 Rxc4 35. Be1 Rc2 36. Kf1 h3 37. gxh3 gxh3 38. Bg3 Rxa2 39. Rd7 Ke6 40. Rc7 Bb4
41. Rxh7 a5 42. Rh5 a4 43. Rb5 Rb2 44. f5+ Kd7 45. Rb7+ Kc6 46. Rc7+ Kb6 47. Be5 a3 48. Rc8 Rg2 49. f6 Rg5 50. Bd4+ Kb7
51. Re8 a2 52. Rxe4 Bc5 53. Ba1 Rg2 54. Rc4 Bd6 55. Rc1 Rxh2 56. Kg1 Rg2+ 57. Kh1 Rg5 58. Rd1 Kc6 59. f7 Rf5 60. e4 Rxf7
61. Rc1+ Kd7 62. e5 Bb8 63. Kh2 Rf3 64. Rg1 Re3 65. Rd1+ Ke6 66. Rd2 Ra3
0-1

[Event "Bederowiec 2020"]
[Site "SchemingMind.com"]
[Date "2020.03.27"]
[Round "-"]
[White "AussieMossie"]
[Black "Uzi Mike"]
[Result "1-0"]
[WhiteCountry "AUS"]
[BlackCountry "USA"]
[WhiteElo "2522"]
[WhiteRD "81"]
[BlackElo "2264"]
[BlackRD "88"]
[GameID "452752"]

1. e4 c5 2. Nf3 d6 3. d4 Nf6 4. Nc3 cxd4 5. Nxd4 e6 6. g4 h6 7. Rg1 e5 8. Nb3 Be6 9. Be3 d5 10. exd5 Nxd5
11. Nxd5 Bxd5 12. Qe2 Nc6 13. O-O-O
1-0

[Event "Bederowiec 2020"]
[Site "SchemingMind.com"]
[Date "2020.03.28"]
[Round "-"]
[White "AussieMossie"]
[Black "Robert Bruce"]
[Result "1/2-1/2"]
[WhiteCountry "AUS"]
[BlackCountry "SCO"]
[WhiteElo "2534"]
[WhiteRD "73"]
[BlackElo "2410"]
[BlackRD "63"]
[GameID "452753"]

1. e4 e5 2. Nf3 Nf6 3. Nxe5 d6 4. Nf3 Nxe4 5. d4 d5 6. Bd3 Nd6 7. O-O Bg4 8. Re1+ Be7 9. Nc3 c6 10. Qe2 Bxf3
11. Qxf3 O-O 12. Bf4 g6 13. Nd1 Na6 14. Bxa6 bxa6 15. Ne3 a5 16. Ng4 h5 17. Ne5 Rc8 18. c3 Bg5 19. Bxg5 Qxg5 20. Nd7 Rfd8
21. Re5 Qd2 22. Nf6+ Kg7 23. b3 Qb2 24. Rf1 Ne4 25. Nxe4 dxe4 26. Qg3 Qxa2 27. Rxh5 Rd5 28. Rh4 Rh8 29. c4 Rf5 30. Rxe4 a4
31. bxa4 Qxc4 32. h3 Qxa4 33. Qc3 Qa5 34. Qxc6 Qd2 35. Qa4 Rb8 36. Re5 Rb4 37. Qa1 Rf6 38. Qxa7 Qxd4 39. Qxd4 Rxd4 40. g3 Kh6
41. h4 Rd3=
1/2-1/2

[Event "Bederowiec 2020"]
[Site "SchemingMind.com"]
[Date "2020.03.30"]
[Round "-"]
[White "Robert Bruce"]
[Black "AussieMossie"]
[Result "0-1"]
[WhiteCountry "SCO"]
[BlackCountry "AUS"]
[WhiteElo "2410"]
[WhiteRD "63"]
[BlackElo "2534"]
[BlackRD "73"]
[GameID "452754"]

1. c4 e5 2. g3 Nf6 3. Bg2 Nc6 4. Nc3 Bb4 5. Nd5 O-O 6. Nf3 e4 7. Nh4 Re8 8. O-O d6 9. d3 exd3 10. Qxd3 Ne5
11. Qc2 Nxd5 12. cxd5 Bc5 13. b3 a5 14. Rb1 Bg4 15. h3 Bd7 16. Kh2 Bb5 17. a4 Ba6 18. Nf5 g6 19. Nh6+ Kg7 20. h4 c6
21. Qa2 f6 22. Rb2 cxd5 23. Bxd5 Rc8 24. Bf4 Qd7 25. Rd1 Bxf2 26. e3 Bxe3 27. Bxe3 Nd3 28. Rxd3 Bxd3 29. Bf4 Re1 30. Rf2 Rce8
31. Bf3 Be4 32. Bxe4 R8xe4 33. Qd2 d5 34. g4 d4 35. g5 Qc6 36. gxf6+ Qxf6 37. Bg5 Qxf2+ 38. Qxf2 R4e2 39. Ng4 Rxf2+ 40. Nxf2 Rb1
41. Bd8 Rxb3 42. Bxa5 Kf6 43. Kg2 Ra3 44. Bd2 Rxa4 45. Kf1 Kf5 46. Ke1 Ra1+ 47. Ke2 b5 48. Nd3 Rh1 49. Be1 Rh2+ 50. Bf2 Ke4
51. Kd2 h6 52. Ke2 g5 53. hxg5 hxg5 54. Nc5+ Kd5
0-1

[Event "Bederowiec 2020"]
[Site "SchemingMind.com"]
[Date "2020.03.27"]
[Round "-"]
[White "AussieMossie"]
[Black "William Lindberg"]
[Result "1/2-1/2"]
[WhiteCountry "AUS"]
[BlackCountry "USA"]
[WhiteElo "2522"]
[WhiteRD "81"]
[BlackElo "2448"]
[BlackRD "65"]
[GameID "452755"]

1. e4 e5 2. Nf3 Nc6 3. Bb5 a6 4. Ba4 Nf6 5. O-O b5 6. Bb3 Nxe4 7. d4 d5 8. dxe5 Be6 9. Nbd2 Nc5 10. c3 Be7
11. Bc2 d4 12. Nxd4 Nxd4 13. cxd4 Qxd4 14. Nf3 Qxd1 15. Rxd1 Rd8 16. Rxd8+ Kxd8 17. Nd4 Bd5 18. Nf5 g6 19. Nxe7 Kxe7 20. Be3 Na4
21. b3 Nc3 22. Kf1 Ke6 23. Bd2 Be4 24. Bxe4 Nxe4 25. Ba5 Rc8 26. Rc1 Kf5 27. f3 Ng5 28. Rd1 c5 29. Rd7 Kxe5 30. h4 Ne6
31. Bc3+ Nd4 32. Rxf7 b4 33. Bd2 h5 34. Bf4+ Ke6 35. Ra7 Kf5 36. Bh6 Rc6 37. Kf2 Ne6 38. Bd2 Ke5 39. g3 Nd4 40. Bf4+ Kd5
41. Rd7+ Ke6 42. Rd8 Nb5 43. Rg8 Kf5=
1/2-1/2

[Event "Bederowiec 2020"]
[Site "SchemingMind.com"]
[Date "2020.03.27"]
[Round "-"]
[White "William Lindberg"]
[Black "AussieMossie"]
[Result "0-1"]
[WhiteCountry "USA"]
[BlackCountry "AUS"]
[WhiteElo "2448"]
[WhiteRD "65"]
[BlackElo "2522"]
[BlackRD "81"]
[GameID "452756"]

1. c4 e5 2. Nc3 Nf6 3. Nf3 Nc6 4. g3 d5 5. cxd5 Nxd5 6. Bg2 Nb6 7. d3 Be7 8. O-O O-O 9. a3 Be6 10. Be3 f5
11. Rc1 Kh8 12. Qd2 Bg8 13. Rfe1 Nd4 14. Nxe5 Nb3 15. Qd1 Nxc1 16. Qxc1 Bf6 17. Nf3 Nd5 18. Bd2 c5 19. h4 Nxc3 20. bxc3 Rc8
21. Bh3 Qd7 22. c4 b6 23. Bf4 Rce8 24. Qd2 Rd8 25. h5 Qf7 26. Bxf5 Qxh5 27. g4 Qh3 28. Bg3 h6 29. e4 Bh7 30. Re3 Bxf5
31. gxf5 Qg4 32. Kg2 Rf7 33. Nh2 Qh5 34. Bf4 Rfd7 35. Qc2 Kg8 36. Rh3 Qe8 37. Qe2 Be5 38. Bxe5 Qxe5 39. Qg4 Qf6 40. Nf3 Rf7
41. Nh4 Qc3 42. Ng6 Rxd3 43. Rxd3 Qxd3 44. Ne5 h5 45. Qh4 Qe2 46. Kg3 Rxf5 47. exf5 Qxe5+ 48. Kg2 Qxf5 49. Qe7 a6 50. a4 Kh7
51. Qe2 Qg4+ 52. Qxg4 hxg4 53. Kg3 g5 54. Kxg4 Kg6 55. f3 Kf6 56. f4 gxf4 57. Kxf4 Ke6 58. Ke4 Kd6 59. Kf5 Kc6 60. Ke4 b5
61. axb5+ axb5 62. Kd3 b4 63. Kc2 Kd6 64. Kd3 Ke5 65. Ke3 Kf5 66. Kd3 Kf4 67. Kd2 Ke4 68. Kc2 Kd4 69. Kb3 Kd3 70. Kb2 Kxc4
71. Kb1 Kc3 72. Kc1 b3 73. Kb1 b2
0-1

[Event "Bederowiec 2020"]
[Site "SchemingMind.com"]
[Date "2020.03.31"]
[Round "-"]
[White "Uzi Mike"]
[Black "Matthew Bailey"]
[Result "0-1"]
[WhiteCountry "USA"]
[BlackCountry "ENG"]
[WhiteElo "2226"]
[WhiteRD "78"]
[BlackElo "2545"]
[BlackRD "57"]
[GameID "452773"]

1. e4 e5 2. Nf3 Nc6 3. Nc3 Nf6 4. Bc4 Bc5 5. d3 O-O 6. O-O h6 7. Nd5 d6 8. c3 Nxd5 9. exd5 Ne7 10. d4 exd4
11. Nxd4 Nf5 12. Be3 Nxe3 13. fxe3 Bd7 14. Qd2 Qe7 15. Rf3 g6 16. a4 a5 17. Kh1 Kg7 18. Bb5 Bxb5 19. axb5 Qe5 20. Ra4 Rae8
21. b3 Bxd4 22. Rxd4 f5 23. Rd3 g5 24. Kg1 b6 25. Qd1 Qf6 26. Rd4 Re5 27. Qd2 Qe7 28. h3 h5 29. Rc4 Rf7 30. Rf1 Qe8
31. h4 Rxe3 32. hxg5 Qe5 33. Qd1 Kg6 34. Rh4 Re2 35. Rhf4 Qe3+ 36. Kh2 Kxg5 37. R4f3 Qe5+ 38. Kh1 f4 39. Qc1 Qe4 40. c4 Qc2
41. Rg3+ Kh6 42. Qxc2 Rxc2 43. Rgf3 Rg7 44. Rxf4 Rgxg2 45. R1f3 Kg5 46. Rf7 Kh4 47. Rxc7 Rh2+ 48. Kg1 Rcg2+ 49. Kf1 Rb2 50. Kg1 Rhc2
51. Rcf7 Rb1+ 52. Rf1 Rxb3 53. Ra1 Kg4 54. Re7 Rg3+ 55. Kf1 h4 56. Rae1 Rxc4 57. R1e6 Rc1+ 58. Ke2 Rc2+ 59. Kf1 Rb3
0-1

[Event "Bederowiec 2020"]
[Site "SchemingMind.com"]
[Date "2020.03.31"]
[Round "-"]
[White "Matthew Bailey"]
[Black "Uzi Mike"]
[Result "1-0"]
[WhiteCountry "ENG"]
[BlackCountry "USA"]
[WhiteElo "2518"]
[WhiteRD "58"]
[BlackElo "2233"]
[BlackRD "85"]
[GameID "452774"]

1. Nf3 d5 2. c4 d4 3. e3 c5 4. b4 dxe3 5. fxe3 cxb4 6. d4 Nf6 7. a3 e6 8. c5 Nc6 9. axb4 Nxb4 10. Na3 Be7
11. Nc4 O-O 12. Bd2 Nc6 13. Be2 Ng4 14. Qc2 e5 15. h3 Bh4+ 16. Kf1 Nh6 17. Nxh4 Qxh4 18. d5 Ne7 19. Bf3 Bg4 20. Be1 Qh5
21. d6 Nc6 22. Be4 Kh8 23. Kg1 Bd7 24. Bf3 Qg5 25. Kh2 f6 26. Bd5 Rfc8 27. Rf1 Rab8 28. Qe4 Qh5 29. Ba5 Rf8 30. Bc7 Ra8
31. Na5 f5 32. Qf3 Qe8 33. Nxb7 e4 34. Qf4 Ne5 35. Rad1 Ng6 36. Qg3 Bb5 37. Rfe1 Bc6 38. Na5 Bxd5 39. Rxd5 Qe6 40. Rd2 Ne5
41. Red1 Nd3 42. Rxd3 exd3 43. Rxd3 Nf7 44. d7 Qa6 45. Rd5 Qe6 46. Qf3 Nh6 47. c6 Kg8 48. Bf4
1-0

[Event "Bederowiec 2020"]
[Site "SchemingMind.com"]
[Date "2020.03.31"]
[Round "-"]
[White "AussieMossie"]
[Black "Matthew Bailey"]
[Result "1/2-1/2"]
[WhiteCountry "AUS"]
[BlackCountry "ENG"]
[WhiteElo "2522"]
[WhiteRD "81"]
[BlackElo "2478"]
[BlackRD "60"]
[GameID "452775"]

1. e4 e5 2. Nf3 Nc6 3. Bb5 Nf6 4. O-O Nxe4 5. d4 Nd6 6. Bxc6 dxc6 7. dxe5 Nf5 8. Qxd8+ Kxd8 9. Nc3 Ke8 10. b3 Be7
11. Bb2 a5 12. a4 Bd7 13. Ne4 h5 14. Rad1 Rd8 15. Rfe1 Be6 16. Rxd8+ Kxd8 17. Rd1+ Kc8 18. Nfg5 Bxg5 19. Nxg5 Ne7 20. Nxe6 fxe6
21. Bc1 Nd5 22. Kf1 b5 23. Bd2 b4 24. Rc1 Kd7 25. c4=
1/2-1/2

[Event "Bederowiec 2020"]
[Site "SchemingMind.com"]
[Date "2020.03.31"]
[Round "-"]
[White "Matthew Bailey"]
[Black "AussieMossie"]
[Result "1/2-1/2"]
[WhiteCountry "ENG"]
[BlackCountry "AUS"]
[WhiteElo "2478"]
[WhiteRD "60"]
[BlackElo "2522"]
[BlackRD "81"]
[GameID "452776"]

1. Nf3 d5 2. e3 Nf6 3. c4 e6 4. Nc3 Be7 5. b3 O-O 6. Bb2 dxc4 7. bxc4 c5 8. Be2 b6 9. O-O Nc6 10. Qc2 Bb7
11. d3 Rc8 12. Rab1 Qc7 13. Rbd1 Rfd8 14. Nb5 Qd7 15. Qb1 a6 16. Nc3 Qc7 17. h3 h6 18. Nd2 Rd7 19. Nce4 Nxe4 20. Nxe4 Rcd8
21. Ng3 Bh4 22. Nh5 e5 23. Bc3 g6 24. Ng3 f5 25. Qb2 Rb8 26. a4 a5 27. Bf3 Re8 28. Bd5+ Kh7 29. Ne2 Bg5 30. d4 exd4
31. exd4 Nb4 32. Bxb7 Qxb7 33. dxc5 bxc5 34. Nc1 Qc6 35. Rxd7+ Qxd7 36. Nb3 Qxa4 37. Ra1 Qc6 38. Nxa5 Qb6 39. Qb1 Bf6 40. Bxf6 Qxf6
41. Nb3 Qd6 42. Qd1 Qc7 43. Qd2 Re4 44. Qc3 Qg7 45. Qxg7+=
1/2-1/2

[Event "Bederowiec 2020"]
[Site "SchemingMind.com"]
[Date "2020.03.31"]
[Round "-"]
[White "Robert Bruce"]
[Black "Matthew Bailey"]
[Result "0-1"]
[WhiteCountry "SCO"]
[BlackCountry "ENG"]
[WhiteElo "2407"]
[WhiteRD "67"]
[BlackElo "2545"]
[BlackRD "57"]
[GameID "452777"]

1. d4 d5 2. Nf3 Nf6 3. e3 e6 4. Bd3 b6 5. Qe2 Bb7 6. Nbd2 c5 7. c3 Nbd7 8. O-O Ne4 9. Ne5 Nxe5 10. dxe5 Qc7
11. Bb5+ Bc6 12. a4 Be7 13. Bxc6+ Qxc6 14. Qb5 Rc8 15. c4 Nxd2 16. Bxd2 a5 17. Qxc6+ Rxc6 18. b3 Rc7 19. Rfd1 Kd7 20. f4 Kc6
21. h3 h5 22. Kf2 h4 23. Bc3 Rd7 24. Rd2 Rdd8 25. Rad1 Rhg8 26. Kf3 f5 27. Rd3 g5 28. fxg5 Bxg5 29. Be1 Rd7 30. Bf2 Bd8
31. Be1 Rgg7 32. Bf2 Rg6 33. R3d2 Bc7 34. Kf4 Rh7 35. Be1 Rg8 36. cxd5+ exd5 37. Kf3 Rd8 38. Kf4 Rhh8 39. Bf2 Rd7 40. Rd3 Bd8
41. Kf3 Rh6 42. Kf4 Rh5 43. Kf3 Rh6 44. R1d2 Bg5 45. Bg1 Re6 46. Bh2 Bh6 47. Rc2 Bf8 48. Kf4 Rde7 49. Kxf5 Rh6 50. Kg5 Rf7
51. Bf4 Rh8 52. Kg4 Rg8+ 53. Kf3 Rg3+ 54. Ke2 Rxg2+ 55. Kd1 Rg1+ 56. Ke2 Bh6 57. Rd1 Rg2+ 58. Kd3 Rg6 59. Rf2 Bxf4 60. exf4 Rg3+
61. Kc2 Re3 62. Rg1 d4 63. Rg6+ Kc7 64. Rh6 Rg7 65. Rxh4 Rc3+ 66. Kd2 Rgg3 67. Rg4 Rxh3 68. Rg7+ Kc6 69. Rg6+ Kd5 70. Rd6+ Ke4
71. e6 Rhd3+ 72. Ke2 Rxb3 73. e7 Re3+ 74. Kd1 Kf5 75. Rd5+ Kf6 76. e8=Q Rxe8 77. Rh2 Re4 78. Rh6+ Kg7 79. Rc6 Rxf4 80. Rd7+ Rf7
81. Rdd6 Rd3+ 82. Kc2 Rh3 83. Rg6+ Kh7 84. Rg2 Rh6 85. Rc8 Rg7 86. Rf2 Rg3 87. Rc7+ Kg6 88. Rc8 Rhh3 89. Rg8+ Kh7 90. Rxg3 Rxg3
91. Rf6 Rc3+
0-1

[Event "Bederowiec 2020"]
[Site "SchemingMind.com"]
[Date "2020.03.31"]
[Round "-"]
[White "Matthew Bailey"]
[Black "Robert Bruce"]
[Result "1-0"]
[WhiteCountry "ENG"]
[BlackCountry "SCO"]
[WhiteElo "2498"]
[WhiteRD "58"]
[BlackElo "2410"]
[BlackRD "63"]
[GameID "452778"]

1. Nf3 h6 2. e4 g5 3. d4 a6 4. Be3 Nf6 5. Nc3 d6 6. Be2 e6 7. h4 g4 8. Nh2 h5 9. f3 gxf3 10. Bxf3 Nc6
11. O-O Be7 12. g3 Rh7 13. Qe1 Bd7 14. Rd1 e5 15. d5 Nd4 16. Bxd4 exd4 17. Rxd4 Qb8 18. Kh1 Qa7 19. Rb4 Bh3 20. Bg2 Bxg2+
21. Kxg2 O-O-O 22. Ne2 Rg8 23. Rf3 Nd7 24. Rfb3 Bxh4 25. Rxb7 Qc5 26. Qf1 Rhg7 27. Kh1 Bf6 28. Qf5 Kd8 29. Nf4 Re8 30. Nxh5 Rg6
31. Ng4 Qd4 32. Rb8+ Ke7 33. Rxe8+ Kxe8 34. Rd3 Qxb2 35. Rf3 Rxg4 36. Qxg4 Ke7 37. Qf5 Qe5 38. Nxf6 Qxf5 39. Ng8+
1-0

[Event "Bederowiec 2020"]
[Site "SchemingMind.com"]
[Date "2020.03.31"]
[Round "-"]
[White "William Lindberg"]
[Black "Matthew Bailey"]
[Result "1/2-1/2"]
[WhiteCountry "USA"]
[BlackCountry "ENG"]
[WhiteElo "2443"]
[WhiteRD "62"]
[BlackElo "2498"]
[BlackRD "58"]
[GameID "452779"]

1. d4 d5 2. Nf3 Nf6 3. c4 e6 4. Nc3 Be7 5. Bf4 O-O 6. e3 c5 7. cxd5 Nxd5 8. dxc5 Nxf4 9. exf4 Qc7 10. g3 Rd8
11. Qa4 Nd7 12. Rd1 Nxc5 13. Rxd8+ Qxd8 14. Qc2 b6 15. Be2 Bb7 16. O-O a6 17. Ne5 Bf6 18. Rd1 Qc7 19. Bf3 Bxf3 20. Nxf3 Rc8
21. Rc1 Nd7 22. Qd3 b5 23. Ne2 Qb7 24. Rxc8+ Qxc8 25. b3 Nb6 26. Qd6 Nd5 27. f5 Be7 28. Qe5 Bf6 29. Qe4 Qd7 30. fxe6 Qxe6
31. Qxe6 fxe6 32. Nd2 Kf7 33. Ne4 Bb2 34. Ng5+ Ke7 35. Nxh7 Nb4 36. a4 bxa4 37. bxa4 Nd3 38. Ng5 Nc5 39. f3 Nxa4 40. Ne4 Nb6
41. Kf2 Nc4 42. Ke1 Ne5 43. Ng5 a5 44. Kd2 a4 45. Kc2 a3 46. Kb3 Nc6 47. Ne4 Na5+ 48. Ka2 Nc4 49. h4 Ne5 50. Nd2 Kf6
51. g4 Kg6 52. Ng3 Bc3 53. h5+ Kf7 54. Nge4 Bb4 55. Ng5+ Ke7 56. Nge4 Kf7 57. Ng5+=
1/2-1/2

[Event "Bederowiec 2020"]
[Site "SchemingMind.com"]
[Date "2020.03.31"]
[Round "-"]
[White "Matthew Bailey"]
[Black "William Lindberg"]
[Result "1-0"]
[WhiteCountry "ENG"]
[BlackCountry "USA"]
[WhiteElo "2498"]
[WhiteRD "58"]
[BlackElo "2443"]
[BlackRD "62"]
[GameID "452780"]

1. Nf3 d5 2. g3 Nf6 3. Bg2 g6 4. d4 Bg7 5. O-O O-O 6. c4 c6 7. Qb3 Qb6 8. Nc3 Rd8 9. Rd1 Be6 10. c5 Qxb3
11. axb3 Nbd7 12. h3 Ne4 13. Be3 h5 14. Na2 a6 15. Bf4 Re8 16. Nc1 f6 17. Be3 Bf7 18. b4 e5 19. Nb3 Re7 20. h4 Nf8
21. dxe5 fxe5 22. Ng5 Nxg5 23. Bxg5 Rd7 24. e4 d4 25. Nd2 Be6 26. Bf1 Nh7 27. Bc4 Kf7 28. Ra3 Rf8 29. Kg2 Nf6 30. f3 Bxc4
31. Nxc4 Ke6 32. Rad3 Nh7 33. Kf2 Rdf7 34. Nd6 Rd7 35. Rf1 Nxg5 36. hxg5 h4 37. gxh4 Rh8 38. Rh1 Bf8 39. Nc4 Be7 40. Rdd1 Bd8
41. Kg3 Rdh7 42. Kg4 Rf8 43. b3 Rh5 44. Rh3 Rf4+ 45. Kg3 Rf8 46. Nb2 Rf7 47. Nd3 a5 48. bxa5 Bxa5 49. b4 Bc7 50. Kg4 Rf8
51. b5 cxb5 52. Rb1 Rh7 53. Rxb5 Ra8 54. Rh1 Rb8 55. Nb4 Kd7 56. h5 gxh5+ 57. Rxh5 Rxh5 58. Kxh5 Rh8+ 59. Kg4 Kc8 60. c6 bxc6
61. Nxc6 Re8 62. Rd5 Kb7 63. Nb4 Rg8 64. Rd7 Kc8 65. Rf7 Bd8 66. Rf5 Bc7 67. Nd3 Kb7 68. Rf7 Kc6 69. Kf5 Bd6 70. g6 Kb5
71. g7 Re8 72. Kg6 Kc4 73. Nf2 Kc3 74. Rd7 Bb8 75. Kf7 Rc8 76. Ng4 d3 77. g8=R
1-0

[Event "Bederowiec 2020"]
[Site "SchemingMind.com"]
[Date "2020.03.31"]
[Round "-"]
[White "Janusz Szopa"]
[Black "Matthew Bailey"]
[Result "0-1"]
[WhiteCountry "POL"]
[BlackCountry "ENG"]
[WhiteElo "2251"]
[WhiteRD "89"]
[BlackElo "2518"]
[BlackRD "58"]
[GameID "452781"]

1. e4 e5 2. Nf3 Nc6 3. Bb5 Nf6 4. Nc3 Bc5 5. Bxc6 dxc6 6. d3 Bg4 7. h3 Bh5 8. O-O Nd7 9. a3 f6 10. Bd2 Nf8
11. Be3 Ne6 12. Bxc5 Nxc5 13. Nb1 Ne6 14. Nbd2 Qd7 15. Kh2 O-O-O 16. Re1 Rdg8 17. Nc4 Nd4 18. Ncd2 g5 19. Kg1 Kb8 20. Rb1 a6
21. Re3 Qg7 22. c3 Ne6 23. Qf1 Nf4 24. Nh2 Qh6 25. Nc4 g4 26. h4 b5 27. Na5 g3 28. Rxg3 Ne2+ 29. Kh1 Rxg3
0-1